00227nam a2200097 a 4500008004100000050001500041100002500056245002700081250001200108350000900120120416s9999 xx |||||||||||||| || u aTD 645 Whi aWhite, James Bernard10aWastewater engineering a2nd ed. a0.00